|
|
|
|
| LEADER |
00000nam a2200000 a 4500 |
| 001 |
vtls010577653 |
| 003 |
SK-MaSNL |
| 005 |
20260301133638.0 |
| 008 |
240318s2012 xo o e 000 0 hun |
| 015 |
|
|
|a SNBA2014/03
|
| 020 |
|
|
|a 9788080871376
|q (brož.)
|
| 035 |
|
|
|a 245FFDD0-76D9-4DF8-8DA2-51993B114E79
|
| 035 |
|
|
|a urn:nbn:sk:snk-amjofw
|
| 035 |
|
|
|a urn:nbn:sk:snk-am000yrt
|
| 040 |
|
|
|a SNK
|b slo
|c SNK
|e AACR2
|
| 041 |
1 |
|
|a hun
|h slo
|
| 044 |
|
|
|a xo
|c SK
|
| 072 |
|
7 |
|a 376
|x Výchova a vzdelávanie zvláštnych skupín osôb
|2 konspekt
|
| 080 |
|
|
|a 37.043.2
|2 2001
|
| 080 |
|
|
|a 373.3
|2 2001
|
| 080 |
|
|
|a 616.89-008.43
|2 2001
|
| 080 |
|
|
|a (048.8)
|2 2001
|
| 080 |
|
|
|a 376
|2 2001
|
| 100 |
1 |
|
|a Tóth, Szilvia
|4 aut
|9 443431
|
| 245 |
1 |
0 |
|a A tanulászavar pedagógiai megközelítése
|c Tóth Szilvia ; [fordította Számel Petra]
|
| 250 |
|
|
|a [1. kiad.]
|
| 260 |
|
|
|a [Okoč]
|b AB-art
|c 2012
|
| 300 |
|
|
|a 119 s.
|b fotogr.
|c 21 cm
|
| 500 |
|
|
|a Miesto vyd. podľa ISBN
|
| 500 |
|
|
|a Tir. aj slov.
|
| 650 |
0 |
7 |
|a integrovaná výchova a vzdelávanie
|2 SNKPH
|9 67219
|
| 650 |
0 |
7 |
|a Integrated education
|2 SNKPHeng
|9 306558
|
| 650 |
0 |
7 |
|a Elementary schools
|2 SNKPHeng
|9 265049
|
| 650 |
0 |
7 |
|a základné školy
|2 SNKPH
|9 1280
|
| 650 |
0 |
7 |
|a Learning disabilities
|2 SNKPHeng
|9 289667
|
| 650 |
0 |
7 |
|a špecifické poruchy učenia
|2 SNKPH
|9 3738
|
| 650 |
0 |
7 |
|a Special education
|2 SNKPHeng
|9 266101
|
| 650 |
0 |
7 |
|a špeciálna pedagogika
|2 SNKPH
|9 958
|
| 655 |
|
7 |
|a monografie
|2 SNKPH
|9 70139
|
| 655 |
|
7 |
|a Monographs
|2 SNKPHeng
|9 120675
|
| 700 |
1 |
|
|a Számel, Petra
|4 trl
|9 486381
|
| 919 |
|
|
|a 978-80-8087-137-6
|
| 958 |
|
|
|a HU
|
| 958 |
|
|
|a NM
|
| 958 |
|
|
|a OP
|
| 999 |
|
|
|c 754292
|d 756222
|
| 952 |
|
|
|a SNK
|b SNK
|y PREZ
|7 0
|p 17A1092799
|o snkSC 158292
|i snk2014/5137
|8 0
|0 0
|1 0
|4 0
|d 2014-02-20
|l 0
|r 2025-08-20 00:00:00
|w 2026-02-23
|
| 952 |
|
|
|a SNK
|b SNK
|y VYP
|7 0
|p 17A1092798
|o snkSC 158292 D1
|i snk2014/5140
|8 0
|0 0
|1 0
|4 0
|d 2014-02-20
|f 1
|l 0
|r 2026-02-23 23:44:23
|w 2026-02-23
|